[Event "España tch 2010 Femenino"]
[Site "Cortegana ESP"]
[Date "2010.08.21"]
[Round "6.11"]
[White "Gonzalez Benavides, Pilar"]
[Black "Collado Barbas, Laura"]
[Result "0-1"]
[WhiteElo "1434"]
[BlackElo "2051"]
[PlyCount "65"]
[EventDate "2010.08.17"]
[EventType "swiss"]
[EventRounds "7"]
[EventCountry "ESP"]
[Source "lmi"]
[SourceDate "2010.08.17"]

1. e4 e6 2. d4 d5 3. e5 c5 4. c3 Nc6 5. Nf3 Qb6 6. Be2 cxd4 7. cxd4 Bd7 8. O-O
Nge7 9. Nc3 Nf5 10. Na4 Qc7 11. Nc3 a6 12. Be3 Nxe3 13. fxe3 Be7 14. Rc1 b5 15.
e4 dxe4 16. Nxe4 Qb6 17. Kh1 O-O 18. Nc5 Rfd8 19. Bd3 Be8 20. Be4 Rac8 21. Nb3
a5 22. Qd2 a4 23. Bxc6 Bxc6 24. Nc5 Bxf3 25. gxf3 Bxc5 26. dxc5 Qc6 27. Qc3 Rd5
28. Rfd1 b4 29. Qe3 Kf8 30. Rxd5 Qxd5 31. Qe4 Ke7 32. c6 Qxe4 33. fxe4 0-1

[Event "España tch 2010 Femenino"]
[Site "Cortegana ESP"]
[Date "2010.08.21"]
[Round "6.12"]
[White "Romero Diez, Sandra"]
[Black "Saiz Lopez, Laura"]
[Result "1-0"]
[WhiteElo "1845"]
[BlackElo "1420"]
[PlyCount "91"]
[EventDate "2010.08.17"]
[EventType "swiss"]
[EventRounds "7"]
[EventCountry "ESP"]
[Source "lmi"]
[SourceDate "2010.08.17"]

1. d4 d5 2. Nf3 Nf6 3. c4 e6 4. g3 b6 5. Bg2 Bb7 6. O-O dxc4 7. Qa4+ Nbd7 8.
Qxc4 Be7 9. Nc3 O-O 10. Rd1 Rc8 11. Qa4 Nd5 12. Nxd5 Bxd5 13. Ne5 Nxe5 14. dxe5
Qe8 15. Qg4 Bxg2 16. Bh6 g6 17. Bxf8 Bxf8 18. Kxg2 Qb5 19. Qd4 Qxe2 20. Rd2 Qb5
21. Qd7 Qxd7 22. Rxd7 Bg7 23. f4 Kf8 24. Rad1 Ke8 25. b3 Bf8 26. Kf3 Be7 27.
R7d3 Rd8 28. Rxd8+ Bxd8 29. Ke4 h5 30. h3 f5+ 31. exf6 Bxf6 32. b4 b5 33. Rd3
Ke7 34. Ra3 Kd6 35. Rxa7 Bc3 36. a3 e5 37. Ra6+ Kd7 38. fxe5 g5 39. g4 hxg4 40.
hxg4 Bb2 41. e6+ Ke7 42. Kf5 Bc1 43. Ra7 Bf4 44. Rb7 Bc1 45. Rxc7+ Ke8 46. Rxc1
1-0

[Event "España tch 2010 Femenino"]
[Site "Cortegana ESP"]
[Date "2010.08.21"]
[Round "6.15"]
[White "Acebal Muniz, Maria Concepcion"]
[Black "Vieito Ribelles, Ariadna"]
[Result "0-1"]
[WhiteElo "1265"]
[BlackElo "1679"]
[PlyCount "94"]
[EventDate "2010.08.17"]
[EventType "swiss"]
[EventRounds "7"]
[EventCountry "ESP"]
[Source "lmi"]
[SourceDate "2010.08.17"]

1. e4 e5 2. Nf3 Nc6 3. Bc4 Bc5 4. O-O Nf6 5. d4 exd4 6. e5 d5 7. exf6 dxc4 8.
Re1+ Be6 9. Ng5 Bb4 10. Nxe6 fxe6 11. Rxe6+ Kf7 12. Qe2 Re8 13. Rxe8 Qxe8 14.
Qxc4+ Kf8 15. fxg7+ Kxg7 16. Bf4 Qe1+ 17. Qf1 Qe4 18. Bxc7 Qxc2 19. b3 Re8 20.
Na3 Bxa3 21. Re1 Rxe1 22. Qxe1 Qc1 23. Kf1 d3 24. Qxc1 Bxc1 25. Ke1 Nb4 26. a3
Bxa3 27. Be5+ Kg6 28. h4 Kf5 29. Bd6 Nc2+ 30. Kd2 Bxd6 31. Kxd3 Ne1+ 32. Ke2
Nxg2 33. h5 Nf4+ 34. Kf3 Nxh5 35. Ke3 b5 36. f3 a5 37. f4 a4 38. bxa4 bxa4 39.
Kf3 a3 40. Ke3 a2 41. Kf3 a1=Q 42. Ke3 Qc3+ 43. Ke2 Kg4 44. f5 Kf4 45. f6 Qc2+
46. Ke1 Ke3 47. Kf1 Qf2# 0-1